000 01076cas a22003497ar4500
005 20220329142325.0
008 000626d19741990uk mr pernn 0 b1eng d
010 _a81718
011 _a82690
022 _a0305-9456
035 _a93191
245 0 0 _aCivil Engineering Abstracts
260 0 _aCranfield. England :
_bBHRA,
_c1974-1990.
300 _av.
310 _aMensual
362 _av.20 n.1,1987
500 _aDejo de publicarse después del v.33 (12), 1990.
590 _aBATCH-UPD
_b10
_c20130110
_lUCH01
_h0406
590 _aBATCH-UPD
_b10
_c20130410
_lUCH01
_h0040
590 _aBATCH-UPD
_b10
_c20130914
_lUCH01
_h1639
590 _aCONVERSION
_b10
_c20130109
_lUCH01
_h1345
650 1 4 _aIngeniería
_xPublicaciones periódicas.
_958192
780 _tChannel
866 _av.11 n.4-v.20 n.8,10 (1978-1987)
866 _av.7 n.1-v.9 n.8 (1974-1976)
866 _av.9 n.10-v.11 n.1 (1976-1978)
901 _aSE
905 _aLilia Sánchez G.
999 _c81718
_d81718